000
00303nam a22001337a 4500
008
170609b xxu||||| |||| 00| 0 eng d
020
_a
9781933116914
041
_a
eng
080
_a
338
100
_a
19
101
_a
SHP
245
_a
THE POLITICAL ECONOMY EAST ASIA
_c
WAN.M
942
_2
udc
_c
BK
999
_c
16781
_d
16781